| 000 | 00790nam a22002297a 4500 | ||
|---|---|---|---|
| 003 | 0 | ||
| 005 | 20250822110452.0 | ||
| 008 | 250822b xxu||||| |||| 00| 0 eng d | ||
| 020 | _a978-1-266-85698-3 | ||
| 050 |
_aP 90 _b.W47 2024 |
||
| 100 |
_aWest, Richard, _eauthor. |
||
| 245 |
_aIntroducing communication theory : _banalysis and application / _cRichard West and Lynn H. Turner. |
||
| 260 |
_aNew York, NY : _bMcGraw Hill LLC, _c2024. |
||
| 300 |
_axxxv, 569 pages : _billustrations ; _c24 cm. |
||
| 504 | _aIncludes bibliographical references and index. | ||
| 650 |
_aCommunication _xPhilosophy. |
||
| 650 |
_aCommunication _xTheory. |
||
| 650 |
_aCommunication _xStudy and teaching. |
||
| 650 |
_aCommunication _xResearch. |
||
| 700 |
_aTurner, Lynn H., _eauthor. |
||
| 942 |
_2lcc _cBK |
||
| 999 |
_c367565 _d367565 |
||